000 01210cad a22002895a 4500
001 L155754
008 120413e20120507xxkd f 000 0 eng d
035 _a(Sirsi) u155754
041 0 _aeng
100 1 _aGould, Nicholas
110 2 _aJudiciary of England and Wales
245 0 0 _aCosts management pilot
_binterim report
_b3 February 2012
_h[electronic resource]
260 _aLondon
_bKing's College London
_c2012
520 _aAn Interim Report on the Pilot which started in all Technology and Construction Courts in October 2011. The Pilot applies to any case which has its first case management conference on or after 1 October 2011 and is scheduled to run until 30 September 2012.
521 _aAdvanced
590 _aKA
651 4 _aEngland and Wales 1543-
690 _aDispute resolution
_96236
700 1 _aKing, Claire
700 1 _aLockwood, Christina
700 1 _aHutchison, Tom
710 1 _aKing's College London
710 1 _aFenwick Elliott
_95892
710 1 _aTeCSA
856 4 0 _uhttps://www.judiciary.gov.uk/Resources/JCO/Documents/Reports/cost-management-pilot-int-report-feb2012.pdf
_zView the interim report (pdf) free of charge at www.judiciary.gov.uk
942 _n0
999 _c113796
_d113796